Aandhi / (Record no. 46137)

MARC details
000 -LEADER
fixed length control field 01252njm a22002897a 4500
005 - DATE AND TIME OF LATEST TRANSACTION
control field 20100914152621.0
007 - PHYSICAL DESCRIPTION FIXED FIELD--GENERAL INFORMATION
fixed length control field sd ammalaaahaa
008 - FIXED-LENGTH DATA ELEMENTS--GENERAL INFORMATION
fixed length control field 100913t xxu||||| |||| 00| 0 hin d
028 ## - PUBLISHER NUMBER
Publisher number 7EPE 7096
Source EMI
035 ## - SYSTEM CONTROL NUMBER
System control number GR-02848
040 ## - CATALOGING SOURCE
Original cataloging agency SED
Transcribing agency SED
100 ## - MAIN ENTRY--PERSONAL NAME
Personal name Mangeskar, Lata
9 (RLIN) 1184
245 ## - TITLE STATEMENT
Title Aandhi /
Statement of responsibility, etc byLata Mangeskar [and] Kishore Kumar ; Music by Rahul Dev Burman ; Lyric by Gulzar
Medium [sound recording] :
246 ## - VARYING FORM OF TITLE
Title proper/short title आंधी / लता मंगेशकर द्वारा
260 ## - PUBLICATION, DISTRIBUTION, ETC. (IMPRINT)
Place of publication, distribution, etc Dum Dum India
Name of publisher, distributor, etc EMI
Date of publication, distribution, etc 1965
300 ## - PHYSICAL DESCRIPTION
Extent 1 sound disc [Gramophone record] :
Other physical details analog, 45 rpm
Dimensions 7.5 in. (SP)
Type of unit Gramophone Record
500 ## - GENERAL NOTE
General note Brief Record
500 ## - GENERAL NOTE
General note Record label :EMI, Red
505 ## - FORMATTED CONTENTS NOTE
Formatted contents note Side १ तेरे बिना जिंदगी से (Tere bina jindagi se ) (Lata Mangeskar ) Side 2 इस मोड़ पे जाते हैं (Is mod pe jate hain) ( Lata Mangeskar )
600 ## - SUBJECT ADDED ENTRY--PERSONAL NAME
Personal name Mangeskar, Lata
9 (RLIN) 19992
650 ## - SUBJECT ADDED ENTRY--TOPICAL TERM
Topical term or geographic name as entry element Film Songs
General subdivision Excerpts
Geographic subdivision India
9 (RLIN) 19603
700 ## - ADDED ENTRY--PERSONAL NAME
9 (RLIN) 19604
Personal name Kishore Kumar
700 ## - ADDED ENTRY--PERSONAL NAME
9 (RLIN) 19605
Personal name Burman, Rahul Dev
700 ## - ADDED ENTRY--PERSONAL NAME
Personal name Gulzar
9 (RLIN) 20312
942 ## - ADDED ENTRY ELEMENTS (KOHA)
Source of classification or shelving scheme Dewey Decimal Classification
Item type Gramaphone Records
Holdings
Withdrawn status Lost status Source of classification or shelving scheme Damaged status Not for loan Collection code Home library Current library Date acquired Source of acquisition Total Checkouts Barcode Date last seen Copy number Price effective from Koha item type
    Dewey Decimal Classification   Not For Loan Non-fiction Central Library Central Library 16/09/2010 SED/VEN   GR-02848 16/09/2010 1 16/09/2010 Gramaphone Records

© Delhi Public Library
Hit Counter
free hit counter